Qualitative inquiry and research design: choosing among five approaches. (3rd ed.) (Record no. 79883)

MARC details
000 -LEADER
fixed length control field 00869nam a2200205 a 4500
008 - FIXED-LENGTH DATA ELEMENTS--GENERAL INFORMATION
fixed length control field 181022s2013 ||||||||||||||||| || u
010 ## - LIBRARY OF CONGRESS CONTROL NUMBER
LC control number 2011050629
020 ## - INTERNATIONAL STANDARD BOOK NUMBER
International Standard Book Number 9781412995306
050 ## - LIBRARY OF CONGRESS CALL NUMBER
Classification number H 61 Cre
100 ## - MAIN ENTRY--PERSONAL NAME
Personal name Creswell, John W
245 10 - TITLE STATEMENT
Title Qualitative inquiry and research design: choosing among five approaches. (3rd ed.)
Statement of responsibility, etc. John W. Creswell
250 ## - EDITION STATEMENT
Edition statement 3rd ed.
260 ## - PUBLICATION, DISTRIBUTION, ETC.
Place of publication, distribution, etc. Los Angeles:
Name of publisher, distributor, etc. SAGE Publications
Date of publication, distribution, etc. 2013
300 ## - PHYSICAL DESCRIPTION
Extent xxi, 448p.: ill.
350 ## -
-- 29.49
650 #0 - SUBJECT ADDED ENTRY--TOPICAL TERM
Topical term or geographic name entry element SOCIAL SCIENCES--METHODOLOGY
995 ## -
-- MAIN LIBRARY OPEN ACCESS
-- 748753
-- CBU-MAIN LIBRARY (Kitwe)
-- 29.49
-- H 61 Cre
-- 2
-- AVAILABLE
-- Oct 22, 2018
-- 748753
-- Main Library Open Access Collection
995 ## -
-- MAIN LIBRARY OPEN ACCESS
-- 748752
-- CBU-MAIN LIBRARY (Kitwe)
-- 29.49
-- H 61 Cre
-- 1
-- AVAILABLE
-- Oct 22, 2018
-- 748752
-- Main Library Open Access Collection
999 ## -
-- 79883
-- 79883
Holdings
Withdrawn status Lost status Source of classification or shelving scheme Damaged status Not for loan Permanent Location Current Location Shelving location Date acquired Total Checkouts Full call number Barcode Date last seen Copy number Price effective from Koha item type
          CBU-MAIN LIBRARY, KITWE. CBU-MAIN LIBRARY, KITWE.   06/29/2023   H 61 Cre 748753 06/29/2023 1 06/29/2023 MONOGRAPH
          CBU-MAIN LIBRARY, KITWE. CBU-MAIN LIBRARY, KITWE.   06/29/2023   H 61 Cre 748752 06/29/2023 2 06/29/2023 MONOGRAPH